Effect of compounding characteristics on heat sensitization of PVME blended natural rubber latex compound (Record no. 57756)

MARC details
000 -LEADER
fixed length control field 00615nam a2200193Ia 4500
100 ## - MAIN ENTRY--AUTHOR NAME
Personal name Mathew S
245 #0 - TITLE STATEMENT
Title Effect of compounding characteristics on heat sensitization of PVME blended natural rubber latex compound
260 ## - PUBLICATION, DISTRIBUTION, ETC. (IMPRINT)
Name of publisher International Journal of Innovative Research & Development
Year of publication 2015
300 ## - PHYSICAL DESCRIPTION
Number of Pages 232-239
650 ## - SUBJECT ADDED ENTRY--TOPICAL TERM
Topical Term Adsorption
650 ## - SUBJECT ADDED ENTRY--TOPICAL TERM
Topical Term Cloud poin temperature
650 ## - SUBJECT ADDED ENTRY--TOPICAL TERM
Topical Term Heat-sensitization
650 ## - SUBJECT ADDED ENTRY--TOPICAL TERM
Topical Term Non-ionic stabilizer
650 ## - SUBJECT ADDED ENTRY--TOPICAL TERM
Topical Term Polyvinyl methyl ether
700 ## - ADDED ENTRY--PERSONAL NAME
Personal name Varghese S
856 ## - ELECTRONIC LOCATION AND ACCESS
Uniform Resource Identifier Copy of article
942 ## - ADDED ENTRY ELEMENTS (KOHA)
Koha item type Journals
Holdings
Withdrawn status Lost status Damaged status Not for loan Home library Current library Shelving location Date acquired Serial Enumeration / chronology Koha item type
      Journals RRII Library RRII Library Rubber technology 01/01/2016 Volume 4, Issue 8 Journals